000 00348nam a2200145Ia 4500
008 150201s2005 xx 000 0 und d
082 _a610
_bS2005H
100 _aHABI,THOMAS
245 _aSKIN DISEASE :DIAGNOSIS & TREATMENT
250 _a2ND
260 _bELSEVIER
_aDELHI
_c2005
300 _a1-662
650 _aORAL MEDICINE
942 _2ddc
_cBK
999 _c3693
_d3693